000 00580nam a2200205Ia 4500
003 GCL
008 140319s9999 xx 000 0 eng d
040 _aGCL /
_cGCL
082 0 4 _aCC
_b932
_bF E
100 1 _aHASSAN,SELIM(SVPERVISION)
245 1 0 _aEXCAVATIONS AT BALLANA 1958-1959 /
_cHASSAN,SELIM(SVPERVISION)
700 1 _aFARID, SHAFIK
260 _a[S.N] :
_bGENERAL ORGANISATION FOR GOVERNMENT OFFI ،
_c1963
300 _a147 P
650 0 4 _aEGYPTOLOGY
650 0 4 _aANCIENT EGYPTIAN
650 0 4 _aBALLANA, EGYPT
650 0 4 _aEXCAVATION, EGYPT
942 _2ddc
_cBK
999 _c19276
_d19276